000 00363nam a2200145Ia 4500
008 230917s9999||||xx |||||||||||||| ||und||
040 _e214767
_aMAIN
041 _aEnglish
082 _a005.5 W185M
100 _aWang, Wallace
245 0 _aMicrosoft office 2013 for dummies
260 _aNew Delhi
_bWiley India
_c2013
300 _axii, 406 p.
942 _cBK
999 _c177143
_d177143